Práca v zahraničí - Grécko
Ekonomika Grécka. Registračné povinnosti po príchode do krajiny. Pracovné podmienky. Daň z príjmu. Podnikanie. Sociálne zabezpečenie. Zdravotná starostlivosť a nemocenské dávky. Dávky v nezamestnanosti. Užitočné kontakty.
Guardado en:
| Autor principal: | |
|---|---|
| Formato: | Capítulo de libro |
| Lenguaje: | eslovaco |
| Materias: | |
| Etiquetas: |
Sin Etiquetas, Sea el primero en etiquetar este registro!
|
MARC
| LEADER | 00000naa a2200000 4500 | ||
|---|---|---|---|
| 001 | 0234161 | ||
| 005 | 20221104112028.4 | ||
| 041 | 0 | |a slo | |
| 044 | |a SK | ||
| 245 | 1 | 0 | |a Práca v zahraničí - Grécko |c Zlatica Pietriková |
| 520 | |a Ekonomika Grécka. Registračné povinnosti po príchode do krajiny. Pracovné podmienky. Daň z príjmu. Podnikanie. Sociálne zabezpečenie. Zdravotná starostlivosť a nemocenské dávky. Dávky v nezamestnanosti. Užitočné kontakty. | ||
| 610 | 2 | 0 | |a práca v zahraničí |
| 610 | 2 | 0 | |a podmienky pracovné |
| 610 | 2 | 0 | |a starostlivosť zdravotná |
| 610 | 2 | 0 | |a zabezpečenie sociálne |
| 610 | 2 | 0 | |a dávky poistenia nemocenského |
| 610 | 2 | 0 | |a dávky v nezamestnanosti |
| 610 | 2 | 0 | |a dane z príjmov |
| 610 | 2 | 0 | |a dovolenka |
| 610 | 2 | 0 | |a podnikanie |
| 610 | 2 | 0 | |a Grécko |
| 100 | 1 | |a Pietriková, Zlatica | |